000 00442nam a2200193Ia 4500
005 20250603150014.0
008 250603s9999 xx 000 0 und d
020 _a9781265131814
050 _aQP 34.5 .W53/
100 _aWidmaier, Eric P.
245 0 _aVander's human physiology
250 _a16th ed.
260 _aNew York
260 _bMcGraw Hill LLC
260 _c2023
300 _a658 p
650 _aNew York
942 _cBK
999 _c43488
_d43488